Maritime transportation : safety management and risk analysis

Αποθηκεύτηκε σε:
Λεπτομέρειες βιβλιογραφικής εγγραφής
Κύριος συγγραφέας: Kristiansen, Svein (Συγγραφέας)
Μορφή: Βιβλίο
Γλώσσα:English
Δημοσίευση: Oxford ; Burlington, Mass. : Elsevier Butterworth-Heinemann, 2005
Θέματα:
Ετικέτες: Προσθήκη ετικέτας
Δεν υπάρχουν, Καταχωρήστε ετικέτα πρώτοι!

MARC

LEADER 00000nam a2200000 i 4500
001 1/50731
008 070806s2005 eng d
020 |a 07506-5998 
035 |l 10089532 
040 |a GR-MY-UA  |b gre  |e aacr 
041 0 |a eng 
082 0 |a 343.0965  |2 (22) 
100 1 |a Kristiansen, Svein.  |4 aut 
245 1 0 |a Maritime transportation :  |b safety management and risk analysis /  |c Svein Kristiansen 
260 |a Oxford ; Burlington, Mass. :   |b Elsevier Butterworth-Heinemann,   |c 2005 
300 |a xiii, 508 σ.;  |b εικ.;  |c 25 εκ. 
504 |a Περιλαμβάνει βιβλιογραφία και ευρετήριο 
650 0 0 |a Ships  |x Safety regulations. 
650 0 0 |a Navigation  |x Safety measures. 
852 |a INST  |b CHIOS  |e 20070806  |h 343.0965 KRI  |p 005200025692  |q 005200025692  |t BK  |y 0 
852 |a INST  |b CHIOS  |e 20071016  |h 343.0965 KRI  |p 005200028662  |q 005200028662  |t BK  |y 0 
901 |a BIBL2-2007-2 
901 |a BIBL2-2007-3 
909 |a Χ  |b 137197 
909 |a X  |b 139654 
922 |a 2ΕΛΗ  |b 200707  |c ΕΠΕΑΕΚ2/ΤΜΟΔ  |d ΕΛΕΥΘΕΡΟΥΔΑΚΗΣ 
922 |a 2ΕΛΗ  |b 200709  |c ΕΠΕΑΕΚ2/ΤΝΕΥ  |d ΠΑΠΑΣΩΤΗΡΙΟΥ 
970 |a ΒΑΡΦΗΣ  |b ΒΑΓΓΕΛΗΣ  |z 2007/08/06